000 00295nam a22001337a 4500
008 181024b xxu||||| |||| 00| 0 eng d
020 _a9781107603011
041 _aeng
080 _22nd
_a371
100 _a46
101 _aEDU
245 _aAcademic Encounters
_cEspeseth,M
942 _2udc
_cBK
999 _c50804
_d50804